| 000 | 00571nam a22001937a 4500 | ||
|---|---|---|---|
| 999 |
_c196014 _d196014 |
||
| 005 | 20230517115712.0 | ||
| 010 | _aUR-12014 | ||
| 020 | _c30.00 | ||
| 035 | _aU-10569 | ||
| 037 | _bDBAD/PUB | ||
| 082 | _aک | ||
| 100 | _aدہلو ی ۔ عادل اسیر | ||
| 245 |
_aگلستاں کی کہا نیاں / _cعادل اسیر دہلوی |
||
| 246 |
_aGulistan ki kahaniyan / _bby Aadil Aseer Dehlavi |
||
| 260 |
_aDelhi _bMalik Book Depot _c2001 ء |
||
| 270 |
_a3212, Turkman Gate _bDelhi _e110006 |
||
| 300 |
_a80 ص _c22cm(pbk) |
||
| 942 |
_2ddc _cUR _hک _mد ہ ل |
||